000 00806nam a2200241Ia 4500
003 GCL
008 140319s9999 xx 000 0 ara d
040 _aGCL /
_cGCL
082 0 4 _a819.9
_bج ب
100 1 _aجبران خليل جبران
245 1 0 _aالبدائع والطرائف: جبران خليل جبران, دراسة وتحليل /
_cجبران خليل جبران
700 1 _aنازك سابا يارد
260 _a[S.N] :
_bمؤسسة نوفل ،
_c1987
300 _a233 ص
490 _a
650 0 4 _aالادب العربى
650 0 4 _aالقصص العربية
650 0 4 _aالنثر العربى
650 0 4 _aجبران خليل جبران
650 0 4 _aادب المهجر
650 0 4 _aالبلاغة العربية,العصر الحديث
942 _2ddc
_cBK
999 _c54490
_d54490